000 00603nam a22001937a 4500
003 OSt
005 20251117162225.0
008 251117b |||||||| |||| 00| 0 eng d
020 _a81-207-2720-7.
040 _aDWCL-Main lib.
_cOC
082 _aCirc. 170 K45e 2004
100 _aKhera, Shiv
245 _aEthics and values :
_blearn the difference between old and obsolete values/
_cShiv Khera
260 _aNew Delhi :
_bSterling Pub. Pvt. Ltd.,
_c c2004.
300 _a47 p. :
_b ill. ;
_c18 cm.
_e+ 1 VCD
650 _a1. Ethics.
650 _a2. Values.
942 _2ddc
_cBK-CIRC
_hCirc.
_n0
999 _c5731
_d5731